MARC

LEADER 00000nas a2200000 a 4500
001 ssj0002527
003 WaSeSS
005 20200512172242.0
006 m d
007 cr n
008 960111c19969999oncbr p s 0 a0eng c
010 |a sn 96031366   |z cn 97390020  
015 |a 973900202  |2 can 
016 7 |a 9611038  |2 DNLM 
016 7 |a SR0089092  |2 DNLM 
016 7 |a 009828333  |2 Uk 
016 |a 973900202 
016 |a (AMICUS)000015538533 
022 |l 1205-7398  |y 1205-7398 
024 3 |a 0725274860074 
035 |a (WaSeSS)ssj0002527 
040 |a FLL  |b eng  |c FLL  |d HUL  |d NYP  |d AGL  |d UIU  |d NLM  |d NLC  |d IUL  |d EYM  |d MYG  |d OCLCQ  |d VP@  |d IUL  |d DLC  |d ZCU  |d OCLCQ  |d UKMGB  |d OCLCQ  |d WAU  |d OCLCF  |d OCLCO  |d CNEDM  |d YOU  |d OCLCQ  |d OCLCO  |d UPM  |d I8M  |d OCLCO  |d XFH  |d OCLCO  |d VT2  |d OCLCQ  |d OCLCO  |d OCLCA  |d OCLCQ  |d FLL  |d CAI  |d OCLCA  |d IUL  |d UKBTH  |d OCLCQ  |d WaSeSS 
042 |a pcc  |a nlc  |a isds/c 
050 0 0 |a HC79.E5  |b A45 
060 0 0 |a W1  |b AL987K 
070 0 |a HC79.E5A45 
072 0 |a X600 
072 0 |a P000 
082 1 4 |a 333.7  |2 12 
130 0 |a Alternatives journal (Waterloo, Ont.) 
210 0 |a Altern. j.  |b (Waterloo) 
222 0 |a Alternatives journal  |b (Waterloo) 
245 1 0 |a Alternatives journal  |h [electronic resource]. 
246 1 |i Issued under title, Nov./Dec. 2004?- :  |a Alternatives 
246 1 |i Title on issues for Nov./Dec. 2012- :  |a A\J 
260 |a Waterloo, Ont. :  |b Faculty of Environmental Studies, University of Waterloo,  |c 1996- 
310 |a Bimonthly,  |b 2006- 
321 |a Quarterly,  |b 1996-2003 
321 |a Five no. a year,  |b 2004-2005 
362 0 |a Vol. 22, no. 1 (Jan./Feb. 1996)- 
500 |a Title from cover. 
500 |a Title on contents p., Nov./Dec. 2004?- : Alternatives journal. 
506 |a License restrictions may limit access. 
520 |a "Canadian environmental ideas & action" (varies). 
550 |a The journal of the Environmental Studies Association of Canada, 1996-<spring 1999> 
588 |a Latest issue consulted: Vol. 38, no. 6 (Nov./Dec. 2012). 
650 0 |a Sustainable development  |v Periodicals. 
650 0 |a Environmental policy  |v Periodicals. 
650 2 |a Community-Institutional Relations. 
650 2 |a Ecology. 
650 2 |a Environment. 
650 2 |a Public Policy. 
650 6 |a Environnement  |x Politique gouvernementale  |z Canada  |v Périodiques. 
650 7 |a Environmental policy.  |2 fast  |0 (OCoLC)fst00913250 
650 7 |a Sustainable development.  |2 fast  |0 (OCoLC)fst01139731 
650 7 |a 43.30 environmental and nature policy: general.  |2 bcl 
655 0 |a Electronic journals. 
710 2 |a University of Waterloo.  |b Faculty of Environmental Studies. 
710 2 |a Environmental Studies Association of Canada. 
776 0 8 |i Microfilm version:  |t Alternatives journal (Waterloo, Ont.)  |w (OCoLC)49756875 
776 0 8 |i Microfilm cartridge version:  |t Alternatives journal  |w (OCoLC)36180809 
776 0 8 |i Microfiche version:  |t Alternatives journal (Waterloo, Ont.)  |w (OCoLC)37382487 
780 0 0 |t Alternatives (Peterborough, Ont.)  |x 0002-6638  |w (DLC) 76617771  |w (OCoLC)1777636 
780 0 5 |t New city magazine  |g winter 1998  |x 1200-8222  |w (DLC)sn 95031139  |w (OCoLC)32616138 
850 |a DLC  |a DNAL  |a DNLM  |a InU  |a MH-SD  |a MiU  |a NN 
853 2 0 |8 1  |a v.  |b no.  |u 4  |v r  |i (year)  |j (month/month)  |w q  |x 01/02  |y pm01/02,04/05,07/08,10/11 
853 2 0 |8 2  |a v.  |b no.  |u 5  |v r  |i (year)  |j (season)  |w 5 
853 2 0 |8 3  |a v.  |b no.  |u 6  |v r  |i (year)  |w b 
856 4 0 |z Full text available from Research Library: 1996 to present  |u https://search.proquest.com/publication/35934 
863 4 1 |8 1.1  |a <22>  |b <1>  |i <1996>  |j 01/02 
863 4 1 |8 2.1  |a 30  |b 1  |i 2003  |j 24 
863 4 1 |8 3.1  |a 32  |b 1  |i 2006